March of the Volunteers (Anthem of China) Lyrics Quiz - Statistics

General Stats
  • This quiz has been taken 165 times
  • The average score is 38 of 51
Answer Stats
Answers % Correct
起 | qǐ
96%
来! | lái!
95%
人 | rén
92%
我 | wǒ
92%
们! | men!
91%
们 | men
91%
的 | de
86%
把 | bǎ
84%
不 | bú
84%
中 | zhōng
82%
众 | zhòng
81%
长 | cháng
80%
成 | chéng
80%
城! | chéng!
80%
隶 | lì
80%
愿 | yuàn
80%
族 | zú
80%
民 | mín
77%
新 | xīn
76%
华 | huá
75%
进! | jìn!
75%
奴 | nú
75%
心, | xīn,
75%
敌 | dí
74%
时 | shí
74%
到 | dào
73%
侯, | hòu,
72%
后 | hòu
72%
吼 | hǒu
72%
一 | yī
72%
了 | le
71%
肉, | ròu,
71%
做 | zuò
71%
前 | qián
70%
血 | xuè
70%
危 | wēi
69%
个 | ge
66%
冒 | mào
66%
着 | zhe
66%
火, | huǒ,
65%
炮 | pào
65%
险 | xiǎn
65%
筑 | zhù
65%
每 | měi
64%
最 | zuì
64%
万 | wàn
63%
声。 | shēng.
58%
发 | fā
57%
迫 | pò
55%
被 | bèi
53%
出 | chū
51%
No matching quizzes found
Score Distribution
Percent of People with Each Score
Percentile by Number Answered
Your Score History
You have not taken this quiz